|
|
|
|
| LEADER |
00000nam0a2200000 4500 |
| 001 |
278348 |
| 005 |
20231101235114.0 |
| 035 |
|
|
|a (RuTPU)RU\TPU\book\301625
|
| 090 |
|
|
|a 278348
|
| 100 |
|
|
|a 20141211d1971 k y0rusy50 ca
|
| 101 |
0 |
|
|a rus
|
| 102 |
|
|
|a RU
|
| 105 |
|
|
|a a z 100zy
|
| 200 |
1 |
|
|a Возраст и эволюция земного вещества
|f В. И. Баранов
|e Одиннадцатое чтение им. В. И. Вернадского, 12 марта 1969 г.
|g Академия наук СССР (АН СССР), Институт геохимии и аналитической химии им. В. И. Вернадского (ГЕОХИ РАН)
|
| 210 |
|
|
|a Москва
|c Наука
|d 1971
|
| 215 |
|
|
|a 20 с.
|c ил.
|
| 225 |
1 |
|
|a Чтения им. В. И. Вернадского
|v №11
|
| 600 |
|
1 |
|a Вернадский
|g Владимир Иванович
|b В. И.
|c российский учёный
|c естествоиспытатель, мыслитель и общественный деятель
|f 1863-1945
|2 stltpush
|3 (RuTPU)RU\TPU\pers\417
|
| 606 |
1 |
|
|a Геохронология
|2 stltpush
|3 (RuTPU)RU\TPU\subj\6307
|9 34230
|
| 610 |
1 |
|
|a Земля
|
| 610 |
1 |
|
|a земное вещество
|
| 610 |
1 |
|
|a возраст
|
| 610 |
1 |
|
|a эволюция
|
| 610 |
1 |
|
|a данные
|
| 610 |
1 |
|
|a чтения
|
| 675 |
|
|
|a 550.93(063)
|v 3
|
| 700 |
|
1 |
|a Баранов
|b В. И.
|g Владимир Ильич
|
| 712 |
0 |
2 |
|a Академия наук СССР (АН СССР)
|b Институт геохимии и аналитической химии им. В. И. Вернадского (ГЕОХИ РАН)
|c (Москва)
|2 stltpush
|3 (RuTPU)RU\TPU\col\11383
|
| 801 |
|
1 |
|a RU
|b 63413507
|c 20141211
|
| 801 |
|
2 |
|a RU
|b 63413507
|c 20171225
|g RCR
|
| 942 |
|
|
|c BK
|